BUBT Library Online Catalog

International human rights law : (Record no. 7076)

000 -LEADER
fixed length control field 01926nam a2200337 a 4500
001 - CONTROL NUMBER
control field 2939
003 - CONTROL NUMBER IDENTIFIER
control field BD-DhEWU
005 - DATE AND TIME OF LATEST TRANSACTION
control field 20230810025445.0
008 - FIXED-LENGTH DATA ELEMENTS--GENERAL INFORMATION
fixed length control field 170726s2014 enk g 001 0 eng d
010 ## - LIBRARY OF CONGRESS CONTROL NUMBER
LC control number 2014004976
020 ## - INTERNATIONAL STANDARD BOOK NUMBER
International Standard Book Number 9781107063754 (Hardback)
020 ## - INTERNATIONAL STANDARD BOOK NUMBER
International Standard Book Number 9781107657212 (Paperback)
035 ## - SYSTEM CONTROL NUMBER
System control number (OCLC)949805567
040 ## - CATALOGING SOURCE
Original cataloging agency DLC
Language of cataloging eng
Transcribing agency DLC
Description conventions rda
Modifying agency DLC
-- BD-DhEWU
041 ## - LANGUAGE CODE
Language code of text/sound track or separate title eng
050 00 - LIBRARY OF CONGRESS CALL NUMBER
Classification number K3240
Item number .S38 2014
082 00 - DEWEY DECIMAL CLASSIFICATION NUMBER
Classification number 341.48
Edition number 23
Item number SCI 2014
100 1# - MAIN ENTRY--PERSONAL NAME
Personal name Schutter, Olivier De,
9 (RLIN) 5429
245 10 - TITLE STATEMENT
Title International human rights law :
Remainder of title cases, materials, commentary /
Statement of responsibility, etc. Olivier De Schutter.
250 ## - EDITION STATEMENT
Edition statement Second edition.
260 ## - PUBLICATION, DISTRIBUTION, ETC. (IMPRINT)
Place of publication, distribution, etc. Cambridge :
Name of publisher, distributor, etc. Cambridge University Press,
Date of publication, distribution, etc. 2014.
300 ## - PHYSICAL DESCRIPTION
Extent lxx, 1052 pages ;
Dimensions 26 cm
500 ## - GENERAL NOTE
General note Includes index.
505 0# - FORMATTED CONTENTS NOTE
Title TOC
Formatted contents note The emergence of international human rights -- State responsibility and 'jurisdiction' -- The typology of States' obligations and the obligation to respect human rights -- The application of human rights in private relationships and the obligation to protect -- The progressive realization of human rights and the obligation to fulfil -- Derogations in time of public emergency -- The prohibition of discrimination -- Ensuring compliance with international human rights law : the role of national authorities -- The United Nations human rights treaties system -- The United Nations charter-based monitoring of human rights -- Regional mechanisms of protection.
520 ## - SUMMARY, ETC.
Summary, etc. This fully updated edition offers coverage of new topics and a more student-friendly design, while retaining the original style and features.
526 ## - STUDY PROGRAM INFORMATION NOTE
Program name law
650 #0 - SUBJECT ADDED ENTRY--TOPICAL TERM
Topical term or geographic name as entry element Human rights.
9 (RLIN) 5430
650 #0 - SUBJECT ADDED ENTRY--TOPICAL TERM
Topical term or geographic name as entry element International law and human rights.
9 (RLIN) 5431
655 #7 - INDEX TERM--GENRE/FORM
Genre/form data or focus term Casebooks
Source of term lcgft
9 (RLIN) 5432
856 42 - ELECTRONIC LOCATION AND ACCESS
Materials specified WorldCat details
Uniform Resource Identifier <a href="https://www.worldcat.org/title/international-human-rights-law-cases-materials-commentary/oclc/949805567&referer=brief_results">https://www.worldcat.org/title/international-human-rights-law-cases-materials-commentary/oclc/949805567&referer=brief_results</a>

No items available.

More Information About Library

Library Hours

  • Open: 9.00 am. to 9.00 pm.
  • Only Sunday: 9.00 am. to 6.00 pm.
  • Closed: Holiday

Contact to the University

Bangladesh University of Business and Technology Library

  • Mirpurl-2, 1216.
  • Phone:
  • Fax:
  • E-Mail: admin.library@bubt.edu.bd

Contact to the Library

Contact Person:

Md. Abdul Hakim Shah
Joint Librarian
PABX No:  113
Cell No: 01816332931
E-mail: official: admin.library@bubt.edu.bd
Personal: hakim.shah@bubt.edu.bd


BUBT Library

Copyright © 2021